{"text_format":"3","workbook":"xls","n_sheets":3,"sheets":["Sheet1","Sheet2","Sheet3"],"read":"whole","date_system":"1900","formulas":"cached_only"}

{"sheet":"Sheet1","index":0,"n_rows":22,"n_cols":7,"rows_kept":22,"flags":["formulas_cached_only"]}
["Grunnmur og støping av gulv for hus"]
[]
["Sprøytebetong:"]
[null,null,"Antall","Enhet","Pris","Tot","Tot ink. Mva"]
[null,"Kjellergulv tol kl 3. 20cm iso",{"v":108.7,"d":"109"},"m2",600,{"v":65220,"d":"65,220"},{"v":81525,"d":"81,525"}]
[null,"RE-35 ringmur",13,"lm",250,{"v":3250,"d":"3,250"},{"v":4062.5,"d":"4,063"}]
[null,"Grunnmur m/reisverk",{"v":31.5,"d":"32"},"lm",{"v":2050,"d":"2,050"},{"v":64575,"d":"64,575"},{"v":80718.75,"d":"80,719"}]
[{"$nulls":6},{"v":166306.25,"d":"166,306"}]
["Tillegg som jeg skaffer selv (estimat)"]
[null,"Innv. Isolasjon+gips",32,"lm",250,8000,10000]
[null,"Utv. Isolasjon",{"$nulls":4},10000]
[null,"Puss av utvendig mur",{"$nulls":4},5000]
[{"$nulls":4},"Total kostnad",null,{"v":191306.25,"d":"191,306"}]
[]
["Nordic elementer:"]
[null,null,"Enhet","Mengde","Pris pr. Enhet","Tot","Tot ink. Mva"]
[null,"Såle/fundament","lm",50,625,{"v":31250,"d":"31,250"},{"v":39062.5,"d":"39,063"}]
[null,"Nordic ringmur","lm",13,590,{"v":7670,"d":"7,670"},{"v":9587.5,"d":"9,588"}]
[null,"Yttervegger","m2",93,{"v":1750,"d":"1,750"},{"v":162750,"d":"162,750"},{"v":203437.5,"d":"203,438"}]
[null,"Gulv på grunn","m2",112,625,{"v":70000,"d":"70,000"},{"v":87500,"d":"87,500"}]
[null,"Rigg og drift","stk",1,{"v":10000,"d":"10,000"},{"v":10000,"d":"10,000"},{"v":12500,"d":"12,500"}]
[{"$nulls":6},{"v":352087.5,"d":"352,088"}]

{"sheet":"Sheet2","index":1,"n_rows":0,"n_cols":0,"rows_kept":0,"flags":["formulas_cached_only"]}

{"sheet":"Sheet3","index":2,"n_rows":0,"n_cols":0,"rows_kept":0,"flags":["formulas_cached_only"]}